| 000 -LEADER |
| fixed length control field |
01239nam a2200229 a 4500 |
| 003 - CONTROL NUMBER IDENTIFIER |
| control field |
AR-BaISA |
| 005 - DATE AND TIME OF LATEST TRANSACTION |
| control field |
20241106104754.0 |
| 006 - FIXED-LENGTH DATA ELEMENTS--ADDITIONAL MATERIAL CHARACTERISTICS |
| fixed length control field |
aad||fr|||| 000 0 |
| 007 - PHYSICAL DESCRIPTION FIXED FIELD--GENERAL INFORMATION |
| fixed length control field |
ta |
| 008 - FIXED-LENGTH DATA ELEMENTS--GENERAL INFORMATION |
| fixed length control field |
241105s2024 ag ad||f |||| 000 0 spa d |
| 020 ## - INTERNATIONAL STANDARD BOOK NUMBER |
| International Standard Book Number |
9789873928574 |
| 040 ## - CATALOGING SOURCE |
| Language of cataloging |
spa |
| Transcribing agency |
AR-BaISA |
| 082 04 - DEWEY DECIMAL CLASSIFICATION NUMBER |
| Edition number |
22 |
| Classification number |
362.6 K157 |
| 100 10 - MAIN ENTRY--PERSONAL NAME |
| 9 (RLIN) |
271 |
| Personal name |
Katz, Ignacio |
| Relator term |
aut. |
| 245 10 - TITLE STATEMENT |
| Title |
Una vida plena para los adultos mayores: |
| Remainder of title |
construyendo puentes que promuevan la participación activa intergeneracional / |
| Statement of responsibility, etc. |
Ignacio Katz |
| 260 ## - PUBLICATION, DISTRIBUTION, ETC. |
| Place of publication, distribution, etc. |
Concepción del Uruguay: |
| Name of publisher, distributor, etc. |
Espacio Editorial Institucional UCU, |
| Date of publication, distribution, etc. |
2024 |
| 300 ## - PHYSICAL DESCRIPTION |
| Extent |
66 p.: |
| Other physical details |
il., graf., fotos. |
| Accompanying material |
Afiche plegado al final del libro |
| 505 ## - FORMATTED CONTENTS NOTE |
| Title |
La realidad de los adultos mayores -- |
| -- |
Envejecer no es una enfermedad -- |
| -- |
Nuestra propuesta: hacia una integración productiva -- |
| -- |
Proyectos productivos intergeneracionales -- |
| -- |
ANEXO: |
| -- |
Parámetros fundamentales a considerar -- |
| -- |
Residencias y ámbitos de convivencia -- |
| -- |
Declaraciones internacionales y parámetros jurídicos -- |
| -- |
Consideraciones del Papa Francisco sobre el envejecimiento -- |
| -- |
Entrevista al arzobispo Vicenzo Paglia, por Sergio Rubín |
| 650 14 - SUBJECT ADDED ENTRY--TOPICAL TERM |
| 9 (RLIN) |
253 |
| Topical term or geographic name entry element |
Adulto mayor |
| 650 14 - SUBJECT ADDED ENTRY--TOPICAL TERM |
| 9 (RLIN) |
2394 |
| Topical term or geographic name entry element |
Envejecimiento saludable |
| 942 ## - ADDED ENTRY ELEMENTS (KOHA) |
| Source of classification or shelving scheme |
|
| Koha item type |
Libros |
| Edition |
22 |